000 00716nam a2200241Ia 4500
003 OSt
005 20220925220710.0
006 a|||||r|||| 00| 0
007 ta
008 220923b |||||||| |||| 00| 0 eng d
020 _a0333424557
_ceuro 520
037 _b303, 30/11/1987, BS
_cGeneral Book
040 _aRTL
_cRTL
_beng
041 _2eng
_aeng
082 _aX9(J):2.6.N8, M6
100 _aLowe R G
_9285186
245 0 _aAgricultural revolution in Africa
_bImpediments
260 _aLondon
_bMacmillan
_c1986
300 _aviii,295p
_ccm.
650 _aAgriculture Industry
942 _hX9(J):2.6.N8, M6
_cGB
_2CC
999 _c572114
_d572114